Světová literatura : antologie. 1 /
Uložené v:
| Hlavný autor: | |
|---|---|
| Médium: | Kniha |
| Jazyk: | Czech |
| Vydané: |
Praha :
Státní pedagogické nakladatelství,
1990
|
| Vydanie: | 1. vyd. |
| Témy: | |
| ISBN: |
8070661704 (brož.) |
| Fyzický popis: |
217 s. |
| Tagy: |
Pridať tag
Žiadne tagy, Buďte prvý kto otaguje tento záznam!
|
Titul je dostupný aj v ... 

MARC
| LEADER | 00000nam a2200000 a 4500 | ||
|---|---|---|---|
| 001 | 000260708 | ||
| 005 | 20060713095221.0 | ||
| 008 | 060713s1990 xr e 000 0 czeo | ||
| 020 | |a 8070661704 (brož.) | ||
| 040 | |a SVKKK |b slo |c SVKKK |e AACR2 | ||
| 041 | 0 | |a cze | |
| 044 | |a xr |c CZ | ||
| 245 | 0 | 0 | |a Světová literatura : |b antologie. |n 1 / |c Eva Oliveriusová .... [et al.] |
| 250 | |a 1. vyd. | ||
| 260 | |a Praha : |b Státní pedagogické nakladatelství, |c 1990 | ||
| 300 | |a 217 s. | ||
| 655 | 7 | |a učebnice vysokých škôl |2 SVKKKPH | |
| 700 | 1 | |a Oliveriusová, Eva, |d 1928- |4 aut | |
| 919 | |a 80-7066-170-4 | ||
| 998 | |a BK | ||
| 090 | |g SCKHL |k Sklad Pribinova 3. posch. |a V.171351 |j 810499 |i 2720838882 |s Povinný výt. | ||
| 090 | |g SCKHL |k Sklad Pribinova 3. posch. |a V.171850 |j 812053 |i 2720188724 |4 Multiplikát |s Vyradená | ||
| 090 | |g SCKHL |k Sklad Pribinova 3. posch. |a V.171851 |j 812054 |i 2720138005 |4 Multiplikát |s Vyradená | ||